Ako ďalej s futbalom

Bibliographic Details
Corporate Author: ofk (Author)
Format: Article
Language:Slovak
PhysicalDescription:Fotografie
ISSN:1339-3618
Subjects:

MARC

LEADER 00000nab a2200000 4500
001 vtls012083452
003 SK-MaSNL
005 20260305030905.0
008 220114|2019 xo |||| || ||00 0|slo
040 |e rda 
041 |a slo 
043 |a e-xo--- 
044 |a xo  |c SK 
072 7 |a 796  |x Šport. Hry. Telesné cvičenia  |2 konspekt 
080 |a (437.6)  |2 2011 
080 |a (437.672)  |2 2011 
080 |a (047)  |2 2011 
080 |a 796.332  |2 2011 
110 1 |a ofk  |4 aut  |9 1608308 
245 0 0 |a Ako ďalej s futbalom  |c /ofk/ 
300 |b Fotografie 
336 |a text  |b txt  |2 rdacontent 
337 |a bez média  |b n  |2 rdamedia 
338 |a zväzok  |b nc  |2 rdacarrier 
610 2 7 |a OFK (Lastomír, Slovensko)  |2 SNK  |9 1608309 
650 0 7 |a futbal  |2 SNKPH  |9 3291 
650 0 7 |a V. liga  |2 SNK  |9 1608310 
651 7 |a Lastomír (Slovensko)  |2 SNKPHgeo  |9 51756 
651 7 |a Michalovce (Slovensko : okres)  |2 SNKPHgeo  |9 19216 
655 7 |a správy  |2 SNKPH  |9 70563 
773 0 |t Lastomírske novinky  |g Roč. XIX., č.1 (2021), s.6  |x 1339-3618 
787 0 8 |i Rec.: 
999 |c 3313559  |d 3315489